000 00554nam a2200217Ia 4500
003 OSt
005 20221005121809.0
006 a|||||r|||| 00| 0
007 ta
008 221004b |||||||| |||| 00| 0 tam d
024 _a51933
037 _cTextual
040 _aCRL
_cCRL
_btam
041 _2tam
_atam
082 _aU.2MH, 31K0
100 _akaliyanasundharanar
_9624634
245 0 _aImaya malai allathudhyanam
650 _aGEOGRAPHY
942 _hU.2MH, 31K0
_cTEXL
_2cc
999 _c1042296
_d1042296